000 00636 a2200205 4500
005 20241202124519.0
010 _aB-761307
020 _a9789364689564
_c210.00
035 _aB-761307
037 _bGift/28.11.24
082 _a510
100 _aGanguly, Piali
_974472
245 _aS. Chand's Speed Solver 1;
_bA Practice Book on Mental Maths/
_cPiali Ganguly and Deepak Giananey
260 _aU.P.
_bS. Chand's
_c2023
270 _aU. P.
300 _a77 p.
_c27cm (Pb)
700 _aGiananey, Deepak
_974473
942 _adpl
_cCH
_2ddc
_h510
_mGAN
999 _c207289
_d207289